000 00491nam a2200169Ia 4500
008 221030s9999 xx 000 0 und d
020 _a8122412114
041 _aEnglish
082 _a105.23
_bCha
100 _aD. Chattopadhyay
245 0 _aElectronics - Fundamentals & Applications ( DEPARTMENTAL )
_cby D. Chattopadhyay, P. C. Rakshit
260 _bNew Age International Pub.
_aNew Delhi
_c2000
300 _a524
650 _aECE Departmental
700 _aP. C. Rakshit
942 _cBK
999 _c1013
_d1013